Podnikové hospodárstvo
Salvato in:
| Autore principale: | |
|---|---|
| Ente Autore: | |
| Altri autori: | , , , , , , , , |
| Natura: | Libro |
| Lingua: | slovacco |
| Pubblicazione: |
Bratislava
Sprint dva
2009
|
| Serie: | Economics
|
| Soggetti: | |
| Tags: |
Nessun Tag, puoi essere il primo ad aggiungerne!!
|
MARC
| LEADER | 00000nam$a2200000$$$4500 | ||
|---|---|---|---|
| 001 | 0104491 | ||
| 005 | 20240502072138.7 | ||
| 020 | |a 978-80-89393-07-7 | ||
| 041 | 0 | |a slo | |
| 044 | |a SK | ||
| 245 | 1 | 0 | |a Podnikové hospodárstvo |c Štefan Majtán a kolektív |
| 264 | 1 | |a Bratislava |b Sprint dva |c 2009 | |
| 300 | |a 320 s. | ||
| 490 | 1 | |a Economics | |
| 830 | 0 | |a Economics | |
| 610 | 2 | 0 | |a hospodárstvo podnikové |
| 610 | 2 | 0 | |a podnik |
| 610 | 2 | 0 | |a hospodárstvo trhové |
| 610 | 2 | 0 | |a typológia podnikov |
| 610 | 2 | 0 | |a faktory výrobné |
| 610 | 2 | 0 | |a transformácia podniku |
| 610 | 2 | 0 | |a procesy podnikové |
| 100 | 1 | |a Majtán, Štefan | |
| 700 | 1 | |a Dubcová, Gabriela, 1968- | |
| 700 | 1 | |a Grančičová, Katarína, 1967- | |
| 700 | 1 | |a Majdúchová, Helena, 1963- | |
| 700 | 1 | |a Neumannová, Anna | |
| 700 | 1 | |a Rybárová, Daniela, 1967- | |
| 700 | 1 | |a Serina, Pavol | |
| 700 | 1 | |a Tóth, Miroslav, 1961- | |
| 700 | 1 | |a Šúbertová, Elena | |
| 700 | 1 | |a Mišík, Vladimír | |
| 710 | 2 | |a Ekonomická univerzita v Bratislave | |